History Quiz

Random History or Letter Quiz
Score 0/20 Timer 07:00
3 Plays Today
Hint Answer % Correct
Who was the first president of the U.S., serving from 1789 to 1797?George Washington
99.4%
What political scandal during the 1970s led to the resignation of President Nixon?Watergate
98%
What 1969 music festival in New York was a focal point for the counterculture generation?Woodstock
91.4%
What political party counted William Henry Harrison and Millard Fillmore among its members?Whig Party
90.9%
What lexicographer's name has become synonymous with the word 'dictionary' in the U.S.?Noah Webster
88.9%
What artist known for 'Campbell's Soup Cans' was a pioneer in the movement known as pop art?Andy Warhol
87.8%
Who was best known for having invented the modern cotton gin?Eli Whitney
80.7%
What state was governed by Progressive politician Robert M. La Follette from 1901 to 1906?Wisconsin
75.6%
What territory was the first to grant suffrage to women, in 1869?Wyoming
73.1%
What 1854 book was written by Henry David Thoreau?Walden
68%
Hint Answer % Correct
What poet and essayist is known for his 1855 collection 'Leaves of Grass'?Walt Whitman
64.6%
What Chief Justice was appointed to head the commission that investigated the Kennedy assassination?Earl Warren
62.9%
What governor of Alabama ran as the American Independent Party candidate in the 1968 presidential election?George Wallace
55.6%
What protest took place from 1791 to 1794 after a tax was levied on distilled spirits?Whiskey Rebellion
54.9%
What creek in South Dakota was the site of an 1890 massacre of Lakota?Wounded Knee
41.9%
What Puritan minister, exiled from the Massachusetts colony, founded Providence Plantation in 1636?Roger Williams
38.9%
What Army general commanded U.S. forces during the Vietnam War from 1964 to 1968?William Westmoreland
34%
What radical left-wing organization was co-founded in 1969 by Bill Ayers?Weather Underground
30.8%
What nickname was given to members of the labor union Industrial Workers of the World?Wobblies
22%
What Hoosier was the 1940 Republican candidate for president?Wendell Willkie
16.9%
Remove Ads.
Support Sporcle.
Get the best of Sporcle when you Go Orange. This ad-free experience offers more features, more stats, and more fun while also helping to support Sporcle. Thank you for becoming a member.

You're not logged in!

Compare scores with friends on all Sporcle quizzes.
OR
Log In

Show Comments

Extras

Top Quizzes Today


Score Distribution

Your Account Isn't Verified!

In order to create a playlist on Sporcle, you need to verify the email address you used during registration. Go to your Sporcle Settings to finish the process.

Report this User

Report this user for behavior that violates our Community Guidelines.

Details: